00305nam a2200121Ia 4500003000400000008004100004020002500045040000800070100001500078245003900093260004100132300001000173LDD181101s9999 xx 000 0 und d a9788175878112c99.00 cLDD aRam, Malik 0aAurat aur Islami taleemcMalik Ram aNew DelhibMakataba Jamia Ltd.c2012 a206p.